Colección de sus trabajos literarios / (Record no. 68585)

MARC details
000 -LEADER
campo de control de longitud fija 00768nam a22001935i 4500
001 - NÚMERO DE CONTROL
campo de control 68585
003 - IDENTIFICADOR DE NÚMERO DE CONTROL
campo de control ES-MaACL
005 - FECHA Y HORA DE LA ÚLTIMA TRANSACCIÓN
campo de control 20230906170318.0
007 - CAMPO FIJO DE DESCRIPCIÓN FÍSICA--INFORMACIÓN GENERAL
campo de control de longitud fija t|
008 - DATOS DE LONGITUD FIJA--INFORMACIÓN GENERAL
campo de control de longitud fija 960802s1891 sp ||||1| spa d
100 1# - ENTRADA PRINCIPAL--NOMBRE DE PERSONA
Nombre de persona Gassó y Vidal, Leopolda.
9 (RLIN) 55928
245 10 - MENCIÓN DEL TÍTULO
Título Colección de sus trabajos literarios /
Mención de responsabilidad, etc. Leopolda Gassó Vidal ; precedidos de una necrología de Doña Concepción Jimeno ; publícalos su amantísima madre.
260 ## - PUBLICACIÓN, DISTRIBUCIÓN, ETC.
Lugar de publicación, distribución, etc. Madrid :
Nombre del editor, distribuidor, etc. [s.n.],
Fecha de publicación, distribución, etc. 1891 (
Fabricante Escuela Tip. del Hospicio)
300 ## - DESCRIPCIÓN FÍSICA
Extensión [8], 244 p., [1] h. de lam. ;
Dimensiones 22 cm.
530 ## - NOTA DISPONIBLE DE FORMULARIO FÍSICO ADICIONAL
Nota de formato físico adicional disponible Disponible en formato digital.
700 1# - ENTRADA AGREGADA--NOMBRE PERSONAL
Nombre de persona Jimeno, Concepción.
9 (RLIN) 66636
852 ## - LOCALIZACIÓN
Ubicación ES-MaACL
Número de control de estantería G-12724
856 ## - LOCALIZACIÓN Y ACCESO ELECTRÓNICOS
Identificador Uniforme de Recursos <a href="http://bdh-rd.bne.es/viewer.vm?id=0000242790&page=1 ">http://bdh-rd.bne.es/viewer.vm?id=0000242790&page=1 </a>
Nota pública Biblioteca Digital Hispánica
Holdings
Estatus retirado Estado de pérdida Estado de daño No para préstamo Colección Biblioteca de origen Biblioteca actual Ubicación en estantería Fecha de adquisición Fuente de adquisición Total de préstamos Signatura topográfica completa Código de barras Visto por última vez Precio de reemplazo Tipo de ítem Koha
        Colección digital Biblioteca del Ateneo de Madrid Biblioteca del Ateneo de Madrid Sala Pecera Planta 3 17/01/2008     G-12724 1071800 23/02/2023 23/02/2023 Libro impreso antiguo